000 01198na a2200373 4500
001 16208
003 MIRAKIL
005 20181213155306.0
008 161002b tu 000 0
020 _a9786054125807
035 _a16208
040 _aMilas
_btur
_cTR-AnCHP
041 _atur
082 _a956.1023
_bG99m 2013
090 _a956.1023 G99m 2013
100 _aGüztoklusu, Murat
222 _aMusul Harekatı
245 _aAtatürk'ün gizli kalmış Musul -Özdemir- Harekatı
_cMurat Güztoklusu
246 _aMusul Harekatı
246 _aAtatürk'ün gizli kalmış Musul harekatı
246 _aMusul Özdemir Harekatı
260 _aAnkara
_bKripto Basım Yayım
_c2013
300 _a287 s.
_bresim var.
_c19 sm.
440 _aGenel yayın
_v73
490 _aAraştırma ve İnceleme
_v55
500 _aYapıt yazarından imzalıdır.
504 _aKaynakça var.
600 _aAtatürk, M.Kemal
_xDış politika
650 _aMusul Sorunu
_xSiyaset ve yönetim
_y20. yüzyıl
_zTürkiye
651 _aTürkiye
_xTarih
_yKurtuluş Savaşı, 1918-1923
651 _aMusul (Irak)
_xTarih
657 _aTürkiye bağımsızlık savaşları
942 _2dcc
_cBKS
999 _c10079
_d10079